00324pab a2200133 454500008004000000100002000040245005900060260000900119300001000128362000900138650001300147700001900160773001100179180718b1990 xxu||||| |||| 00| 0 eng d aCosta, Frank J. aThe growth of metro systems in Madrid, Rome and Athens c1990 a224-9 aAug. aRailways aAllen G. Noble aCities